Southville International School and Colleges
Your cart is empty.
  • Cart
  • Lists
    Public lists Eva Luna New books Lux_list list_1
    Your lists Log in to create your own lists
  • Log in to your account
  • Your cookies
  • Search history
Southville International School and Colleges
  • Advanced search
  • Recent comments
  • Most popular
  • Libraries

Log in to your account

Log in with GOOGLE


If you do not have an external account, but do have a local account, you can still log in:

  1. Home
  2. MARC view: Werewolves don't go to summer camp /
Normal view MARC view ISBD view

Werewolves don't go to summer camp / (Record no. 290401)

[ view plain ]
MARC details
000 -LEADER
fixed length control field 00685nam a2200217Ia 4500
008 - FIXED-LENGTH DATA ELEMENTS--GENERAL INFORMATION
fixed length control field 160114s9999 xx 000 0 und d
020 ## - INTERNATIONAL STANDARD BOOK NUMBER
International Standard Book Number 9780590440615
050 ## - LIBRARY OF CONGRESS CALL NUMBER
Classification number Fic
050 ## - LIBRARY OF CONGRESS CALL NUMBER
Item number .D121w 1991
100 ## - MAIN ENTRY--PERSONAL NAME
Personal name Dadey, Debbie
245 ## - TITLE STATEMENT
Title Werewolves don't go to summer camp /
Statement of responsibility, etc by Debbie Dadey and Marcia Thornton Jones ; illustrated by John Steven Gurney.
260 ## - PUBLICATION, DISTRIBUTION, ETC. (IMPRINT)
Place of publication, distribution, etc New York :
Name of publisher, distributor, etc Scholastic Inc.
Date of publication, distribution, etc 1991
300 ## - PHYSICAL DESCRIPTION
Extent 92 pages;
Other physical details illustrations :
Dimensions 20 cm.
440 ## - SERIES STATEMENT/ADDED ENTRY--TITLE
Title Little apple fiction.
650 ## - SUBJECT ADDED ENTRY--TOPICAL TERM
Topical term or geographic name as entry element Campers (Persons) --
650 ## - SUBJECT ADDED ENTRY--TOPICAL TERM
Topical term or geographic name as entry element Werewolves --
650 ## - SUBJECT ADDED ENTRY--TOPICAL TERM
Topical term or geographic name as entry element Werewolves --
650 ## - SUBJECT ADDED ENTRY--TOPICAL TERM
General subdivision Fiction.
650 ## - SUBJECT ADDED ENTRY--TOPICAL TERM
General subdivision Juvenile fiction.
650 ## - SUBJECT ADDED ENTRY--TOPICAL TERM
General subdivision Juvenile fiction.
Holdings
Withdrawn status Lost status Damaged status Home library Current library Shelving location Date acquired Total Checkouts Full call number Date last seen Price effective from Koha item type
      Stonyhurst Southville International School (Batangas) Stonyhurst Southville International School (Batangas) Grade School Section 01/14/2016   Fic .D121w 1991 01/14/2016 01/14/2016 Books

Werewolves don't go to summer camp /

APA

Dadey D., . (1991). Werewolves don't go to summer camp. New York: Scholastic Inc.

Chicago

Dadey Debbie, . 1991. Werewolves don't go to summer camp. New York: Scholastic Inc.

Harvard

Dadey D., . (1991). Werewolves don't go to summer camp. New York: Scholastic Inc.

MLA

Dadey Debbie, . Werewolves don't go to summer camp. New York: Scholastic Inc. 1991.

  • Place hold
  • Print
  • Cite
  • Add to your cart (remove)
  • Save record
    BIBTEX Dublin Core MARCXML MARC (non-Unicode/MARC-8) MARC (Unicode/UTF-8) MARC (Unicode/UTF-8, Standard) MODS (XML) RIS
  • More searches
    Search for this title in:
    Other Libraries (WorldCat) Other Databases (Google Scholar) Online Stores (Bookfinder.com) Open Library (openlibrary.org)

Exporting to Dublin Core...

SOUTHVILLE LIBRARY

Southville International School and Colleges Library

1281 Tropical Ave. Cor. Luxembourg St., BF Homes International, Las Pinas City

Tel. No. 8256374 / 252358 Loc. 117/146

Powered by Koha